Charakteristické črty správneho práva. 1
Správne právo ako jedno z najvýznamnejších odvetví slovenského právneho poriadku, ktorého cieľom je reglementovať postavenie subjektov práva. Spätosť správneho práva s organizáciou a činnosťou verejnej správy. Poslanie správneho práva. Rozdelenie správneho práva na objektívne a subjektívne.
Gespeichert in:
| 1. Verfasser: | |
|---|---|
| Format: | Buchkapitel |
| Sprache: | Slowakisch |
| Schlagworte: | |
| Tags: |
Keine Tags, Fügen Sie das erste Tag hinzu!
|
MARC
| LEADER | 00000naa a2200000 4500 | ||
|---|---|---|---|
| 001 | r018374 | ||
| 005 | 20221213101324.0 | ||
| 041 | 0 | |a slo | |
| 044 | |a SK | ||
| 245 | 1 | 0 | |a Charakteristické črty správneho práva. 1 |c P. Škultéty |
| 520 | |a Správne právo ako jedno z najvýznamnejších odvetví slovenského právneho poriadku, ktorého cieľom je reglementovať postavenie subjektov práva. Spätosť správneho práva s organizáciou a činnosťou verejnej správy. Poslanie správneho práva. Rozdelenie správneho práva na objektívne a subjektívne. | ||
| 610 | 2 | 0 | |a právo správne |
| 610 | 2 | 0 | |a Slovensko |
| 610 | 2 | 0 | |a poriadok právny |
| 100 | 1 | |a Škultéty, P. | |